<?xml version="1.0" encoding="UTF-8"?>
<record
    xmlns:xsi="http://www.w3.org/2001/XMLSchema-instance"
    xsi:schemaLocation="http://www.loc.gov/MARC21/slim http://www.loc.gov/standards/marcxml/schema/MARC21slim.xsd"
    xmlns="http://www.loc.gov/MARC21/slim">

  <leader>03359njm a2200553Ia 4500</leader>
  <controlfield tag="001">73394</controlfield>
  <controlfield tag="003">IT-RoPAU</controlfield>
  <controlfield tag="005">20220918181118.0</controlfield>
  <controlfield tag="008">131025s9999    xx            000 0 und d</controlfield>
  <datafield tag="040" ind1=" " ind2=" ">
    <subfield code="a">IT-RoPAU</subfield>
  </datafield>
  <datafield tag="040" ind1=" " ind2=" ">
    <subfield code="c">IT-RoPAU</subfield>
  </datafield>
  <datafield tag="041" ind1=" " ind2=" ">
    <subfield code="a">POLACCO</subfield>
  </datafield>
  <datafield tag="999" ind1=" " ind2=" ">
    <subfield code="c">99598</subfield>
    <subfield code="d">99598</subfield>
  </datafield>
  <datafield tag="999" ind1=" " ind2=" ">
    <subfield code="b">n.d.</subfield>
  </datafield>
  <datafield tag="100" ind1=" " ind2=" ">
    <subfield code="a">AA.VV.</subfield>
    <subfield code="9">794</subfield>
  </datafield>
  <datafield tag="100" ind1=" " ind2=" ">
    <subfield code="e">Autore musica</subfield>
    <subfield code="9">24980</subfield>
  </datafield>
  <datafield tag="100" ind1=" " ind2=" ">
    <subfield code="g">Codice autore musica SPICS: 12000</subfield>
    <subfield code="9">796</subfield>
  </datafield>
  <datafield tag="245" ind1=" " ind2=" ">
    <subfield code="a">Music From Poland (Lp Sx 2504)</subfield>
  </datafield>
  <datafield tag="250" ind1=" " ind2=" ">
    <subfield code="a">1a ed.</subfield>
  </datafield>
  <datafield tag="260" ind1=" " ind2=" ">
    <subfield code="a">POLONIA</subfield>
  </datafield>
  <datafield tag="260" ind1=" " ind2=" ">
    <subfield code="b">MUZA</subfield>
    <subfield code="c">1987 [1a Ed.:1987 - Ed. Lingua Orig.: 1987]</subfield>
  </datafield>
  <datafield tag="300" ind1=" " ind2=" ">
    <subfield code="a">DISCO</subfield>
  </datafield>
  <datafield tag="300" ind1=" " ind2=" ">
    <subfield code="c">42 minuti (Testo: 0 pag.)</subfield>
  </datafield>
  <datafield tag="500" ind1=" " ind2=" ">
    <subfield code="a">Musica polacca.</subfield>
  </datafield>
  <datafield tag="505" ind1=" " ind2=" ">
    <subfield code="a">What Can I Tell You [(Banaszak Hanna) (6:00)] - Szczesliwy Fiord/The Lucky Fiord [(Bob Roy String Orchestra) (5:00)] - Lovers [(Krawczyk Krzysztof) (5:00)] - Madrid Express [(Super Duo) (3:00)] - The Great Parade [(Tsa) (4:00)] - Zaczarowane Miasto/A Magic City [(Kombi) (6:00)] - Dans toutes les gares du monde [(Dlugosz Leszek) (5:00)] - I Like It [(Henrik Majewski Sextet) (3:00)] - It's Only Love [(Eleni) (4:00)] - Rock Me Now [(Leszek Winder Session) (4:00)]</subfield>
  </datafield>
  <datafield tag="511" ind1=" " ind2=" ">
    <subfield code="a">Direttore d'orchestra: Kociszewski P.</subfield>
  </datafield>
  <datafield tag="511" ind1=" " ind2=" ">
    <subfield code="a">Direttore d'orchestra: Poznakowski R.</subfield>
  </datafield>
  <datafield tag="511" ind1=" " ind2=" ">
    <subfield code="a">Direttore d'orchestra: Kaluzny P.</subfield>
  </datafield>
  <datafield tag="650" ind1=" " ind2=" ">
    <subfield code="a">MUSICA POLACCA [DISCHI]</subfield>
    <subfield code="e">Codice MATERIA SPICS: 9950</subfield>
    <subfield code="9">24981</subfield>
  </datafield>
  <datafield tag="700" ind1=" " ind2=" ">
    <subfield code="a">Mioduski A.</subfield>
    <subfield code="d">Codice autore musica SPICS: 24780</subfield>
    <subfield code="e">Autore musica</subfield>
    <subfield code="p">What Can I Tell You</subfield>
    <subfield code="9">24983</subfield>
  </datafield>
  <datafield tag="700" ind1=" " ind2=" ">
    <subfield code="a">Mann W.</subfield>
    <subfield code="d">Codice autore SPICS: 25158</subfield>
    <subfield code="e">Autore</subfield>
    <subfield code="p">What Can I Tell You</subfield>
    <subfield code="9">24984</subfield>
  </datafield>
  <datafield tag="700" ind1=" " ind2=" ">
    <subfield code="a">Januszko A.</subfield>
    <subfield code="d">Codice autore musica SPICS: 24733</subfield>
    <subfield code="e">Autore musica</subfield>
    <subfield code="p">Szczesliwy Fiord/The Lucky Fiord</subfield>
    <subfield code="9">24985</subfield>
  </datafield>
  <datafield tag="700" ind1=" " ind2=" ">
    <subfield code="a">Poznakowski R.</subfield>
    <subfield code="d">Codice autore musica SPICS: 25103</subfield>
    <subfield code="e">Autore musica</subfield>
    <subfield code="p">Lovers</subfield>
    <subfield code="9">24986</subfield>
  </datafield>
  <datafield tag="700" ind1=" " ind2=" ">
    <subfield code="a">Dabrowski J.</subfield>
    <subfield code="d">Codice autore testo/musica SPICS: 25157</subfield>
    <subfield code="e">Autore testo/musica</subfield>
    <subfield code="p">Lovers</subfield>
    <subfield code="9">24987</subfield>
  </datafield>
  <datafield tag="700" ind1=" " ind2=" ">
    <subfield code="a">Krajewski Seweryn</subfield>
    <subfield code="d">Codice autore musica SPICS: 23056</subfield>
    <subfield code="e">Autore musica</subfield>
    <subfield code="p">Madrid Express</subfield>
    <subfield code="9">24988</subfield>
  </datafield>
  <datafield tag="700" ind1=" " ind2=" ">
    <subfield code="a">Lawrence Azar</subfield>
    <subfield code="d">Codice autore musica SPICS: 23084</subfield>
    <subfield code="e">Autore musica</subfield>
    <subfield code="p">The Great Parade</subfield>
    <subfield code="9">24989</subfield>
  </datafield>
  <datafield tag="700" ind1=" " ind2=" ">
    <subfield code="a">Piekarczyk M.</subfield>
    <subfield code="d">Codice autore SPICS: 25169</subfield>
    <subfield code="e">Autore</subfield>
    <subfield code="p">The Great Parade</subfield>
    <subfield code="9">24990</subfield>
  </datafield>
  <datafield tag="700" ind1=" " ind2=" ">
    <subfield code="a">Rzehak J.</subfield>
    <subfield code="d">Codice autore testo/musica SPICS: 25152</subfield>
    <subfield code="e">Autore testo/musica</subfield>
    <subfield code="p">The Great Parade</subfield>
    <subfield code="9">24991</subfield>
  </datafield>
  <datafield tag="700" ind1=" " ind2=" ">
    <subfield code="a">Losowski S.</subfield>
    <subfield code="d">Codice autore musica SPICS: 25114</subfield>
    <subfield code="e">Autore musica</subfield>
    <subfield code="p">Zaczarowane Miasto/A Magic City</subfield>
    <subfield code="9">24992</subfield>
  </datafield>
  <datafield tag="700" ind1=" " ind2=" ">
    <subfield code="a">Dlugosz Leszek</subfield>
    <subfield code="d">Codice autore musica SPICS: 25090</subfield>
    <subfield code="e">Autore musica</subfield>
    <subfield code="p">Dans toutes les gares du monde</subfield>
    <subfield code="9">24993</subfield>
  </datafield>
  <datafield tag="700" ind1=" " ind2=" ">
    <subfield code="a">Jozefowicz K.</subfield>
    <subfield code="d">Codice autore SPICS: 25486</subfield>
    <subfield code="e">Autore</subfield>
    <subfield code="p">Dans toutes les gares du monde</subfield>
    <subfield code="9">24994</subfield>
  </datafield>
  <datafield tag="700" ind1=" " ind2=" ">
    <subfield code="a">Vigne A.</subfield>
    <subfield code="d">Codice autore testo/musica SPICS: 25546</subfield>
    <subfield code="e">Autore testo/musica</subfield>
    <subfield code="p">Dans toutes les gares du monde</subfield>
    <subfield code="9">24995</subfield>
  </datafield>
  <datafield tag="700" ind1=" " ind2=" ">
    <subfield code="a">Majewski R.</subfield>
    <subfield code="d">Codice autore musica SPICS: 25459</subfield>
    <subfield code="e">Autore musica</subfield>
    <subfield code="p">I Like It</subfield>
    <subfield code="9">24996</subfield>
  </datafield>
  <datafield tag="700" ind1=" " ind2=" ">
    <subfield code="a">Dzokas K.</subfield>
    <subfield code="d">Codice autore musica SPICS: 25460</subfield>
    <subfield code="e">Autore musica</subfield>
    <subfield code="p">It's Only Love</subfield>
    <subfield code="9">24997</subfield>
  </datafield>
  <datafield tag="700" ind1=" " ind2=" ">
    <subfield code="a">Czubaczynski R.</subfield>
    <subfield code="d">Codice autore SPICS: 25487</subfield>
    <subfield code="e">Autore</subfield>
    <subfield code="p">It's Only Love</subfield>
    <subfield code="9">24998</subfield>
  </datafield>
  <datafield tag="700" ind1=" " ind2=" ">
    <subfield code="a">Mann W.</subfield>
    <subfield code="d">Codice autore testo/musica SPICS: 25158</subfield>
    <subfield code="e">Autore testo/musica</subfield>
    <subfield code="p">It's Only Love</subfield>
    <subfield code="9">24999</subfield>
  </datafield>
  <datafield tag="700" ind1=" " ind2=" ">
    <subfield code="a">Winder L.</subfield>
    <subfield code="d">Codice autore musica SPICS: 25115</subfield>
    <subfield code="e">Autore musica</subfield>
    <subfield code="p">Rock Me Now</subfield>
    <subfield code="9">25000</subfield>
  </datafield>
  <datafield tag="700" ind1=" " ind2=" ">
    <subfield code="a">Skolias J.</subfield>
    <subfield code="d">Codice autore SPICS: 25488</subfield>
    <subfield code="e">Autore</subfield>
    <subfield code="p">Rock Me Now</subfield>
    <subfield code="9">25001</subfield>
  </datafield>
  <datafield tag="942" ind1=" " ind2=" ">
    <subfield code="c">MD</subfield>
    <subfield code="2">ddc</subfield>
  </datafield>
  <datafield tag="952" ind1=" " ind2=" ">
    <subfield code="0">0</subfield>
    <subfield code="1">0</subfield>
    <subfield code="4">0</subfield>
    <subfield code="6">73394_000000000000000</subfield>
    <subfield code="7">1</subfield>
    <subfield code="a">SPICS</subfield>
    <subfield code="b">SPICS</subfield>
    <subfield code="d">2013-10-25</subfield>
    <subfield code="l">0</subfield>
    <subfield code="o">73394</subfield>
    <subfield code="r">2013-10-25 00:00:00</subfield>
    <subfield code="w">2013-10-25</subfield>
    <subfield code="y">MD</subfield>
    <subfield code="z">Progr. Ins.: 17682 / N.Vol.: 1 / Copie: 1 - Copia rara: n.d. / date import: 01.01.2014 - By Epidotti, Trombetti, Vaglietti</subfield>
  </datafield>
</record>
